000 00527nam a2200181Ia 4500
003 GCL
008 140319s9999 xx 000 0 ara d
040 _aGCL /
_cGCL
082 0 4 _a301.241
_bهـ ث
100 1 _aهيام الملقى
245 1 0 _aثقافتنا فى مواجهة الانفتاح الحضارى /
_cهيام الملقى
300 _a432 ص
490 _a
650 0 4 _aالثقافة
650 0 4 _aالاجتماع، علم
650 0 4 _aالانثربولوجيا الثقافية
942 _2ddc
_cBK
999 _c42025
_d42025